NFL RB's By Team History - 2025 - Statistics

General Stats
  • This quiz has been taken 116 times
  • The average score is 11 of 13
Answer Stats
Teams Player % Correct
NYG, PHI Saquon Barkley
100%
CAR, SF Christian McCaffrey
95%
TEN, BAL Derrick Henry
95%
LV, GB Josh Jacobs
95%
GB, MIN Aaron Jones
88%
DAL, TEN Tony Pollard
88%
DET, PHI, CHI D'Andre Swift
87%
PIT, ARI James Conner
87%
BAL, LAC, DEN J.K. Dobbins
80%
LAC, WAS Austin Ekeler
74%
DAL, CAR Rico Dowdle
73%
WAS, SF Brian Robinson Jr.
71%
SF, MIN Jordan Mason
65%
No matching quizzes found
Score Distribution
Percent of People with Each Score
Percentile by Number Answered
Your Score History
You have not taken this quiz